000 00321nam a2200121Ia 4500
008 231221s9999 xx 000 0 und d
020 _a9780000000000
100 _aRobbins, Stephen P. Judge, Timothy A. Vohra, Neharika
245 0 _aOrganizational Behavior
250 _aGlobal Edition
260 _c2016
942 _cEB
999 _c237288
_d237288